|
|
|
|
| LEADER |
00000nam a2200000 a 4500 |
| 001 |
vtls001324630 |
| 003 |
SK-MaSNL |
| 005 |
20260301005530.0 |
| 008 |
240318s1997 xo ape r yy slo |
| 015 |
|
|
|a SNBA1998/07-02239
|
| 020 |
|
|
|a 8085679523
|
| 035 |
|
|
|a SNK000277367
|
| 035 |
|
|
|a urn:nbn:sk:snk-amk66s
|
| 035 |
|
|
|a urn:nbn:sk:snk-am004oic
|
| 035 |
|
|
|a CD2E4130-8F5C-48FF-8EF1-402E2CA94EB1
|
| 040 |
|
|
|a SNK
|b slo
|c SNK
|e AACR2
|
| 041 |
0 |
|
|a slo
|
| 044 |
|
|
|a xo
|c SK
|
| 080 |
|
|
|a 372.851
|2 1981
|
| 080 |
|
|
|a 808.54-316.4:51
|2 1981
|
| 100 |
1 |
|
|a Culková, Cecília
|4 aut
|9 43234
|
| 245 |
1 |
0 |
|a Matematika
|b odborná konverzácia v slovenskom jazyku pre 6. ročník základnej školy s vyučovacím jazykom maďarským
|c Cecília Culková, Helena Králiková
|
| 260 |
|
|
|a Bratislava
|b Terra
|c 1997
|
| 300 |
|
|
|a 71 s.
|b ilustr., sch., tab.
|c 21 cm
|
| 500 |
|
|
|a Ilustr. Géza Balázs
|
| 504 |
|
|
|a Slov.-maď. a maď.-slov. slovník
|
| 650 |
0 |
7 |
|a matematika
|x terminológia slovenská
|x školy základné (6. roč.) maď.
|x príručky
|2 SNK
|9 289983
|
| 655 |
|
7 |
|a príručky
|2 SNK
|9 74364
|
| 700 |
1 |
|
|a Králiková, Helena
|4 aut
|9 8189
|
| 700 |
1 |
|
|a Balázsy, Géza,
|d 1959-
|4 ill
|9 88598
|
| 919 |
|
|
|a 80-85679-52-3
|
| 958 |
|
|
|a TL
|
| 999 |
|
|
|c 545451
|d 547381
|
| 952 |
|
|
|t P60, <09>, [BOOK], {629}
|a SNK
|b SNK
|y NEVYP
|7 0
|o snkC 292
|i snk542/980323
|0 0
|1 0
|4 0
|d 1998-03-19
|l 0
|r 2005-01-02 00:00:00
|w 2026-02-23
|
| 952 |
|
|
|t P60, <03>, [BOOK], {603}
|a SNK
|b SNK
|y PREZ
|7 0
|p 17A0128013
|o snkSC 95348
|i snkKSP 2950/98
|0 0
|1 0
|4 0
|d 1998-03-19
|f 1
|l 0
|r 2025-09-12 00:00:00
|w 2026-02-23
|
| 952 |
|
|
|t P60, <04>, [BOOK], {604}
|a SNK
|b SNK
|y VYP
|7 0
|p 17A0128014
|o snkSC 95348 D1
|i snkKSP 2951/98
|0 0
|1 0
|4 0
|d 1998-03-19
|l 0
|r 2005-01-02 00:00:00
|w 2026-02-23
|